Diseño de Sistemas Digitales Y Microprocesadores / Jhon P. Hayes (Registro nro. 11889)
[ vista simple ]
| 000 -LÍDER | |
|---|---|
| fixed length control field | 00601nam a2200169 4500 |
| 008 - ELEMENTOS DE LONGITUD FIJA -- INFORMACIÓN GENERAL | |
| fixed length control field | 0 1986 0a 000 0ESP |
| 020 ## - NÚMERO INTERNACIONAL NORMALIZADO PARA LIBROS | |
| ISBN | 84-7615-126-8 |
| 050 ## - SIGNATURA TOPOGRAFICA DE LA BIBLIOTECA DEL CONGRESO (LC) | |
| Número de Clasificación | TK7874 H3818 |
| 082 ## - NUMERO DE CLASIFICACION DECIMAL DEWEY | |
| Número de Clasificación | 001.64 H744d |
| 100 ## - ASIENTO PRINCIPAL--NOMBRE PERSONAL | |
| Nombre personal | Hayes, John P. |
| 245 ## - TÍTULO | |
| Título | Diseño de Sistemas Digitales Y Microprocesadores / Jhon P. Hayes |
| 260 ## - PUBLICACIÓN, DISTRIBUCIÓN, ETC. (PIE DE IMPRENTA) | |
| Lugar de publicación, distribución, etc. | España: McGraw-Hill |
| 300 ## - DESCRIPCIÓN FÍSICA | |
| Extensión | xvii, 873 p. / 23 cm. |
| 500 ## - NOTA GENERAL | |
| Nota general | Incluye contenido, prologo, índice y referencias. |
| 650 ## - ASIENTO SECUNDARIO DE MATERIA - TERMINO TEMÁTICO | |
| Término temático o nombre geográfico como elemento de entrada | 1.MICROELECTRICA-MANUALES \ 2. CIRCUITOS INTEGRADOS-MANUALES |
| 700 ## - ASIENTO SECUNDARIO - NOMBRE PERSONAL | |
| Nombre personal | Lloris Ruiz, Antonio, Tr. \ Vaquero S nchez, Rev. |
| No. biblioteca | No. biblioteca | Número de clasificación | Código de barras/Número de adquisición | Número de copia | Tipo de material |
|---|---|---|---|---|---|
| LUIS G. INCLAN | LUIS G. INCLAN | 001.64 H744d | 8095 | 2 | Libros |
| LUIS G. INCLAN | LUIS G. INCLAN | 001.64 H744d | 16267 | 3 | Libros |
| LUIS G. INCLAN | LUIS G. INCLAN | 001.64 H744d | 16268 | 4 | Libros |
| LUIS G. INCLAN | LUIS G. INCLAN | 001.64 H744d | 8094 | 1 | Libros |
